00290nam a2200109Ia 4500008004100000082001600041100002000057245005300077260003400130300000800164650000800172191201s1995 xx 000 0 und d a658.15bGRI aGRIFFIN,Ricky W 0aInternational Business: A Managerial Perspective aN.DelhibAddison Wesleyc1995 a765 aMBA